[Event "Baku FIDE GP"]
[Site "Baku"]
[Date "2008.04.30"]
[Round "9"]
[White "Bacrot, Etienne"]
[Black "Wang, Yue"]
[Result "1/2-1/2"]
[WhiteElo "2705"]
[BlackElo "2689"]
[Annotator "Kritz,L"]
[PlyCount "144"]
[EventDate "2008.04.21"]
[EventType "tourn"]
[EventRounds "13"]
[EventCountry "AZE"]
[EventCategory "19"]
[SourceTitle "CBM 124"]
[Source "ChessBase"]
[SourceDate "2008.05.28"]
[SourceVersion "1"]
[SourceVersionDate "2008.05.28"]
[SourceQuality "1"]

1. e4 e5 2. Nf3 Nf6 {Die Russische Partie gilt heute als sicherste Eröffnung
gegen 1.e4, wenn Schwarz einen theoretischen Ausgleich anstrebt. Weiß hat
mehrere Wege, dagegen zu kämpfen, doch nirgendwo ist ein realistischer
Eröffnungsvorteil zu sehen.} 3. d4 (3. Nxe5 {ist der Hauptzug} d6 4. Nf3 Nxe4
5. d4 ({Sehr populär ist heute die Variante} 5. Nc3 Nxc3 6. dxc3 {Wonach
Schwarz am sichersten die Varianten mit langen Rochade auswählt:} Nc6 7. Be3
Be7 8. Qd2 Be6 9. O-O-O Qd7 10. Ng5 Bxg5 11. Bxg5 f6 12. Be3 O-O-O {Das ist im
Grunde genommen das Maximum davon, was Weiß erreichen kann - das Läuferpaar
bei einer Stellung, wo die Läufer nicht ihre volle Aktivität aufbringen können.
}) 5... d5 6. Bd3 Nc6 7. O-O Be7 8. c4 Nb4 9. Be2 O-O 10. Nc3 Bf5 11. a3 Nxc3
12. bxc3 Nc6 13. cxd5 Qxd5 14. Bf4 Rac8 15. Re1 Rfe8 {Das ist eine der
populärsten und wichtigsten Stellungen der modernen Schachtheorie überhaupt.
Die ausanalysierten Varianten reichen bis zum 40.-45. Zug und führen zu
technischen Endspielen, die Remis enden. Auf dem Wege zu dieser Stellung gibt
es unzählige Möglichkeiten, für Weiss wie auch für Schwarz.}) (3. Nc3 {wird am
besten mit} Nc6 {pariert, so dass das Spiel zum Vierspringerspiel wechselt.})
3... Nxe4 (3... exd4 4. e5 Ne4 5. Qxd4 d5 (5... f5 6. Bc4 Bc5 7. Qxc5 $1 Nxc5
8. Bg5 Qxg5 9. Nxg5 Nc6 10. O-O $14 {Bacrot - Morozevich (Biel, 2003)}) 6. exd6
Nxd6 7. Nc3 Nc6 8. Qf4 $14 {Die weiße Dame hat auf f4 ein sehr gutes Feld
gefunden, wo sie nicht angegriffen werden kann. Da die Bauernstruktur völlig
symmetrisch ist, hat derjenige Vorteil, der die besser platzierten Figuren hat,
um Initiative zu entwickeln. Das ist hier natürlich Weiß, weil seine Springer
besser stehen.}) 4. Bd3 d5 (4... Nc6 5. O-O (5. dxe5 Nc5 $1 6. Bc4 (6. Be2 d6
7. Bg5 Qd7 8. exd6 Bxd6 9. Nc3 Ne6 10. Be3 Nf4 $11 {Kritz - Baramidze (Bad
Woerishofen, 2008)}) 6... d6 7. Bf4 Ne6 8. Bg3 dxe5 9. Qxd8+ Nexd8 10. Nxe5 Nd4
11. Bd3 Bf5 12. Bxf5 Nxf5 $11 {Rublevsky - Iordachescu (Tripoli, 2004)}) (5.
Bxe4 $5 d5 6. Bd3 e4 $13 {Schwarz gewinnt die Figur zurück, Weiß kann trotzdem
noch einiges versuchen, die Stellung ist nicht ganz klar.}) 5... d5 6. dxe5 {
führt zur Partiefortsetzung.}) 5. dxe5 (5. Nxe5 {gilt als Hauptzug, allerdings,
wie fast überall in Russisch, führen die Varianten zu remislichen Stellungen:}
Nd7 6. Nxd7 Bxd7 7. O-O Bd6 8. c4 (8. Nc3 Nxc3 9. bxc3 O-O 10. Qh5 f5 11. Rb1
b6 12. Re1 c6 13. Bg5 Qc7 14. c4 Be8 15. Qh3 dxc4 16. Bxc4+ Bf7 $11 {Shirov -
Kramnik (Cazorla, 1998)}) (8. Qh5 Qf6 9. Nc3 Qxd4 10. Nxd5 Bc6 11. Ne3 g6 12.
Qh3 Ng5 13. Qg4 Qf4 14. Qxf4 Bxf4 15. Nc4 Ne6 16. Bxf4 Nxf4 $11 {DEEP FRITZ -
Kramnik (Bonn, 2006)}) 8... c6 9. cxd5 cxd5 10. Nc3 Nxc3 11. bxc3 O-O 12. Qh5
g6 13. Qxd5 Qc7 14. Qf3 Qxc3 15. Bh6 Rfe8 16. Qf6 Bf8 17. Bxf8 Rxf8 18. Be4 Bc6
19. Rac1 Qb4 20. Bxc6 bxc6 21. Rxc6 Rad8 22. Ra6 Qxd4 23. Qxd4 Rxd4 24. Rxa7
Rc8 25. g3 Rc2 $11 {Tiviakov - Kramnik (Wijk aan Zee, 2007)}) 5... Nc6 (5...
Nc5 {ist eine andere Verteidigungsmethode, die meiner Meinung nach nicht ganz
präzise ist.} 6. O-O {Den Läufer muss man natürlich geben, es ist keine Zeit
zu verlieren für Züge wie 6.Be2.} Nxd3 7. Qxd3 Be7 8. Nc3 c6 9. Nd4 O-O 10. f4
f5 11. Rd1 Na6 12. Nb3 Nc7 13. Be3 Ne6 14. Ne2 $14 {Schwarz hat sich ziemlich
passiv aufgebaut, deswegen hatte Weiß einen Vorteil in Hracek - Motylev 
(Dresden, 2007)}) 6. O-O Bg4 (6... Be7 7. Nc3 Bf5 (7... Nxc3 {Will man auf c3
tauschen, so sollte man als Schwarzspieler doch besser 6....Bg4 spielen, um
den Läufer anschließend auf c5 zu entwickeln.} 8. bxc3 Bg4 9. Re1 a6 (9... O-O
10. h3 Bh5 11. Rb1 f6 12. e6 Qd6 13. Rxb7 $16 {Kosintseva - Nebolsina (Dagomys,
2008)}) 10. Rb1 Rb8 11. h3 Bh5 12. Bf4 O-O 13. Bf5 Bc5 14. Qd3 Bg6 15. g4 $14 {
und Weiß bekam Initiative in Smirnov - Turov (Serpukhov, 2007)}) 8. Qe2 (8. Qe1
$5 Nb4 9. Nxe4 dxe4 10. Bxe4 Nxc2 11. Bxc2 Bxc2 12. Qc3 Be4 13. Bf4 O-O 14.
Rad1 Bd5 $11 {/\c6}) 8... Nxc3 9. bxc3 Bxd3 10. Qxd3 Qd7 11. Rb1 b6 12. Rb5
O-O-O 13. Be3 $14 {Almasi - Huzman (Dresden, 2007)}) 7. Nc3 (7. h3 $6 {lässt
Schwarz sofort zum Ausgleich kommen.} Bxf3 8. Qxf3 Nxe5 9. Qe2 Qe7 $1 10. Bxe4
dxe4 11. Qxe4 O-O-O $11) 7... Nxc3 (7... Nxe5 $4 {verliert sofort nach} 8. Bxe4
dxe4 9. Qxd8+ Rxd8 10. Nxe5 $18) (7... Bxf3 {ist ebenfalls nicht
zufriedenstellend} 8. Qxf3 Nxe5 (8... Nxc3 9. bxc3 Bc5 10. Bf4 O-O 11. Rfd1 $16
) 9. Qe2 f5 (9... Bd6 10. Nxd5 $16) {Weiß hat gleich zwei Möglichkeiten, eine
bessere Stellung zu bekommen:} 10. Bxe4 $1 (10. f3 $5 Bc5+ 11. Kh1 O-O 12. fxe4
fxe4 13. Bf4 $1 (13. Rxf8+ Qxf8 14. Bb5 c6 15. Ba4 Ng4 $44) 13... Ng6 14. Nxe4
dxe4 15. Qxe4 $14) 10... fxe4 (10... dxe4 11. Qb5+ Nc6 12. Qxf5 $18) 11. Qh5+
Nf7 12. Nxd5 g6 13. Qd1 Bd6 (13... Bg7 14. Bf4 $16) 14. Re1 O-O 15. Rxe4 c6 16.
Nc3 $14) 8. bxc3 Bc5 9. Re1 (9. Bf4 O-O 10. h3 Bh5 11. Rb1 Rb8 12. g4 Bg6 13.
Bf5 Ne7 14. Qd3 {Predojevic - Fridman (USA, 2007). Im Vergleich zu der
Variante 6....Be7 hat Schwarz ein wichtiges Tempo gewonnen.} Bxf5 $5 (14...
Nxf5 $5 15. gxf5 Bh5 $11) 15. gxf5 Qd7 16. Nh4 Qa4 17. Bg3 Qc6 $11) 9... O-O
10. h3 Bh5 11. Rb1 b6 ({In der Partie Krupkova - Le Kieu Thien Kim (Bled, 2002)
geschah} 11... f6 12. e6 Ne5 {und jetzt hat Weiß mittels} 13. g4 Be8 (13... Bg6
14. Bxg6 Nxg6 15. Rxb7 $16) 14. Be3 Bd6 15. Bf4 Nxf3+ (15... Nxd3 16. Qxd3 $16)
16. Qxf3 Bc6 17. Qg3 $14 {einen guten Vorteil bekommen können.}) 12. Bf5 {
Weiß versucht, den typischen Aufbau Bf5-Qd3-g4 zu bekommen, um am Königsflügel
Druck zu machen.} Kh8 $1 {Ein geheimnisvoller Zug. Ich vermute, Schwarz wollte
die weiße Aktion abwarten, und beschäftigte sich gleichzeitig mit der
Prophylaxe - in einigen Varianten steht der König in der Ecke außerhalb der
Schachgefahr.} 13. g4 (13. Qd3 f6 $1 {Hier sieht man die Vorteile des Zuges 12.
...Kh8, der Bauer h7 hängt ohne Schach!} 14. e6 (14. exf6 Qxf6 {Auch der Bauer
d5 würde ohne Schach genommen.} 15. Bg4 Bg6 16. Qxd5 Qxc3 $15) 14... Bxf3 15.
Qxf3 g6 16. Bd3 Ne5 17. Qg3 Qd6 $132 {Der Bauer e6 ist eher anfällig als stark.
}) 13... Bg6 14. Bxg6 (14. Qd3 Bxf5 15. gxf5 (15. Qxf5 f6 $1 {Erneut kann
Schwarz Nutzen aus seinem Königszug ziehen - stünde der König auf g8, könnte
Weiß mittels Qe6+ den Springer gewinnen. Jetzt steht er einfach schlechter.}
16. e6 Ne5 $15) 15... f6 16. e6 Qd6 $132 {Der Bauer e6 ist zwar einerseits
stark, auf der anderen Seite ist die Lage des weißen Königs kompromitiert und
wenn Schwarz es schafft, mit g6 den weißen Block f5-e6 zu zerstören, dann wird
er die Initiative übernehmen.}) 14... fxg6 $1 {Das Gesetz, man sollte immer
mit dem Bauer hin zum Zentrum nehmen, wird außer Kraft gesetzt. Da Weiß sich
mit dem Zug g4 geschwächt hat, bietet es sich an, die f-Linie für den
schwarzen Turm zu öffnen, so dass Schwarz zum aktiven Gegenspiel kommt.} 15.
Be3 Be7 (15... Bxe3 $5 16. Rxe3 Rf4 {ist ebenfalls unklar} 17. Rb5 Ne7 18. Qd3
Qd7 19. Rb4 Raf8 $132) 16. Rb5 Rxf3 $1 {Schwarz übernimmt die Initiative!
Meiner Meinung nach ist die entstehende Stellung keinesfalls besser für Weiß.}
17. Qxf3 Nxe5 18. Qg3 (18. Qxd5 $2 Qxd5 19. Rxd5 Nf3+ 20. Kf1 Nxe1 21. Kxe1 Rd8
$15) 18... Nc4 19. Bf4 c6 $44 {Als Kompensation für die Qualität hat Schwarz
einen Bauern, einen ewigen Springer auf c4, die bessere Bauernstruktur und
dazu eine etwas geschwächte Stellung des weißen Königs. Das ist mit Sicherheit
mehr als genug, um vollwertiges Spiel zu bekommen.} 20. Rbb1 Bh4 21. Qd3 Qf6
22. Qd4 Kg8 23. Rbd1 Qf7 24. Bg3 Bf6 25. Qf4 Bxc3 26. Re2 Qxf4 27. Bxf4 Rf8 28.
Bg3 Kf7 29. h4 Re8 30. Kf1 Nb2 31. Rc1 Re6 32. Rxe6 Kxe6 33. Ke2 a5 34. f4 Na4
35. Rh1 h5 36. f5+ gxf5 37. gxh5 Bf6 38. Be1 Nc5 39. Rg1 a4 40. Bf2 Nd7 41. Be3
b5 42. h6 gxh6 43. h5 Ne5 44. Bxh6 Ng4 45. Bf8 Bd4 46. Rf1 Kf6 47. h6 Kg6 48.
Rh1 Kh7 49. Rh5 Kg6 50. Rh1 Kf7 51. Bb4 Nf2 52. Rh2 Ne4 53. h7 Bh8 54. Rg2 c5
55. Bxc5 Nxc5 56. Rg8 Be5 57. h8=Q Bxh8 58. Rxh8 Ke6 59. Rb8 Ne4 60. Kd3 Nd6
61. Kd4 f4 62. Rb6 f3 63. Ke3 d4+ 64. Kxf3 Kd5 65. Ke2 Kc5 66. Rb8 Kc4 67. Rd8
Ne4 68. Rc8+ Kb4 69. Kd3 Nc3 70. Kxd4 Nxa2 71. c4 Nc3 72. cxb5 Nxb5+ 1/2-1/2

[Event "Budapest FS03 GM"]
[Site "Budapest"]
[Date "1993.??.??"]
[Round "10"]
[White "Leko, Peter"]
[Black "Farago, Sandor"]
[Result "1-0"]
[WhiteElo "2555"]
[BlackElo "2340"]
[Annotator "Leko,P"]
[PlyCount "75"]
[EventDate "1993.03.??"]
[EventType "tourn"]
[EventRounds "11"]
[EventCountry "HUN"]
[EventCategory "8"]
[SourceTitle "CBM 037"]
[Source "ChessBase"]
[SourceDate "1993.12.01"]
[SourceVersion "1"]
[SourceVersionDate "1993.12.01"]
[SourceQuality "1"]

1. e4 e5 2. Nf3 Nf6 3. d4 Nxe4 4. Bd3 d5 5. Nxe5 Nd7 6. Nxd7 Bxd7 7. O-O Qh4 8.
c4 O-O-O 9. c5 g6 10. Nc3 Bg7 11. g3 Qf6 12. Be3 Ng5 13. f4 Nh3+ 14. Kg2 Rhe8
15. Qd2 Rxe3 $5 (15... h5 16. b4 $16) 16. Qxe3 Re8 17. Qd2 (17. Qf3 $5) 17...
Qxd4 18. Rae1 $1 (18. c6 bxc6 19. Ba6+ Kd8 20. Qxd4 Bxd4 21. Rad1 Bb6 $13)
18... Rxe1 19. Rxe1 Kd8 (19... Qxc5 $2 20. f5 $1 $18) (19... Bh6 $2 20. Re8+ $1
Bxe8 21. Bf5+ gxf5 22. Qxd4 $18) (19... Bf6 $5) 20. Rd1 Bg4 21. Bb5 $3 (21. Be2
$2 Qf2+ 22. Kh1 Bf3+ 23. Bxf3 Qxf3+ 24. Qg2 Nf2+ 25. Kg1 Qxg2+ 26. Kxg2 Nxd1
$19) 21... Qxd2+ $6 (21... Bxd1 22. Qxd4 Bf3+ $1 (22... Bxd4 23. Nxd1 $18) 23.
Kxf3 Bxd4 24. Nd1 g5 25. Kg4 Nf2+ 26. Nxf2 Bxf2 27. fxg5 Bxc5 28. Bd3 Bd4 29.
b3 c5 30. Bxh7 $16) 22. Rxd2 c6 23. Be2 Be6 24. Bf3 Bxc3 25. bxc3 $18 g5 26. c4
$1 Kc7 27. cxd5 cxd5 28. Bxd5 Bc8 29. Rd4 f6 30. f5 $1 g4 (30... Bxf5 31. g4
$18) 31. Be6 h5 32. Bxc8 Kxc8 33. Rd6 Ng5 34. Rxf6 Kc7 35. Rg6 Ne4 36. f6 Nxc5
37. f7 Nd7 38. Rg8 1-0

[Event "CRO-ch 12th"]
[Site "Opatija"]
[Date "2012.01.23"]
[Round "7"]
[White "Zelcic, Robert"]
[Black "Saric, Ante"]
[Result "1-0"]
[WhiteElo "2558"]
[BlackElo "2528"]
[Annotator "Let's Check Training"]
[PlyCount "71"]
[EventDate "2012.01.17"]
[EventType "tourn"]
[EventRounds "11"]
[EventCountry "CRO"]
[EventCategory "13"]
[SourceTitle "CBM 147"]
[Source "ChessBase"]
[SourceDate "2012.03.16"]
[SourceVersion "1"]
[SourceVersionDate "2012.03.16"]
[SourceQuality "1"]

1. e4 e5 2. Nf3 Nf6 3. d4 Nxe4 4. Bd3 Nc6 5. Nxe5 Nxe5 6. dxe5 d5 7. O-O Nc5 8.
Be2 Be7 9. Be3 O-O 10. f4 c6 11. Nc3 f6 12. exf6 Rxf6 13. Kh1 Bf5 14. g4 Be4+
15. Nxe4 Nxe4 16. Bd3 Bc5 17. g5 Bxe3 18. gxf6 Nxf6 19. Qf3 Qb6 20. c3 d4 21.
cxd4 Bxd4 22. Qg2 Rd8 23. Rad1 Kf8 24. Bc4 Qc5 25. Be6 Rd6 26. f5 Qe5 27. Rde1
Qb5 $2 (27... Qc5 28. Re2 Rd8 $16) 28. Qg3 $18 Bc5 29. Rg1 $1 Ne8 {[%tqu "En",
"","","","f5f6","",10]} 30. f6 $1 g6 31. Qg5 $5 Rxe6 32. Rxe6 Bxg1 33. Qxb5 (
33. f7) 33... cxb5 $18 34. Kxg1 a6 35. Kg2 h5 36. h4 1-0

[Event "Dresden zt 1.2"]
[Site "Dresden"]
[Date "1998.05.03"]
[Round "6"]
[White "Zelcic, Robert"]
[Black "Alterman, Boris"]
[Result "1-0"]
[WhiteElo "2540"]
[BlackElo "2615"]
[Annotator "Lukacs,P"]
[PlyCount "81"]
[EventDate "1998.04.28"]
[EventType "swiss"]
[EventRounds "11"]
[EventCountry "GER"]
[SourceTitle "CBM 065"]
[Source "ChessBase"]
[SourceDate "1998.08.06"]
[SourceVersion "1"]
[SourceVersionDate "1998.08.06"]
[SourceQuality "1"]

1. e4 e5 2. Nf3 Nf6 3. d4 Nxe4 4. dxe5 (4. Bd3 {is supposed to be the best
according to nowadays theory.}) 4... d5 5. Nbd2 Nxd2 {This helps a bit for
White.} (5... Nc5 {is enough for equality, for example:} 6. Nb3 Bg4 (6... Nxb3
7. axb3 Be7 8. Bb5+ c6 9. Bd3 Nd7 10. c3 Nc5 11. Bc2 {The position has some
similarities to the Open Ruy Lopez structures.} Bg4 12. O-O O-O 13. b4 Nd7 (
13... Ne6 $5) 14. Re1 g6 15. Qd4 $5 (15. h3 Bxf3 16. Qxf3 Bg5 $11 {with
simplifications, after Which Black has nothing to fear.}) 15... Bxf3 16. gxf3
Qb6 17. Qg4 f5 18. Qg3 Kh8 $13 {Nunn-Schussler, Vienna 1986}) 7. h3 Bh5 8. Be2
Nc6 9. Nfd4 Bxe2 10. Qxe2 Nxb3 11. Nxb3 Qd7 12. Bf4 O-O-O 13. O-O-O Qe6 14. Rd2
Be7 15. Rhd1 {(Kharlov-Akopian, SU (ch) 1991)} g6 $1 $11 {Kharlov}) 6. Qxd2 $5
(6. Bxd2 Be7 7. Bf4 (7. Bd3 Bg4 8. O-O Nd7 9. Bf4 Nc5 10. Be2 Ne6 $11 {A.
Sznapik-Schussler, Helsinki 1978}) 7... c5 8. c3 Nc6 9. Bd3 Be6 10. h3 g5 $5
11. Bg3 Qb6 12. Qd2 h6 13. O-O-O O-O $13 {Short-Seirawan, Lugano 1986}) 6...
Be7 (6... Bg4 $5 7. Qf4 $14 (7. Nd4 c5)) 7. Qf4 (7. Bd3 Nc6 8. O-O Be6 9. c3
Qd7 10. Qf4 h6 11. Qg3 g5 12. Nd4 Nxd4 13. cxd4 O-O-O 14. Bd2 Kb8 15. a3 Bf5
16. Bb4 Bxd3 17. Qxd3 Rde8 18. f4 $14 {S.Schweeber-Castelli, Buenos Aires op.
1968}) 7... c5 (7... O-O {is perhaps a bit early here.} 8. Qg3 {/\ Bh6 +/= is
the main idea of White's Q manoeuvre.}) (7... Qd7 $5 8. h3 (8. Qg3 {allows the
exchange of the Qs after} Qg4) (8. Bd3 {is also met by the typical} Qg4) 8...
Qf5 {The black Q is looking for a rendez-vous with the white colleague!} 9. Bd3
(9. Qxf5 Bxf5 10. Nd4 Bd7) (9. Qg3 Qg6) 9... Qxf4 10. Bxf4 c5 11. O-O-O $14) 8.
Qg3 g6 9. Bb5+ (9. Bh6 Nc6) 9... Bd7 (9... Nc6 $5 {was also possible.} 10.
Bxc6+ (10. O-O Qb6) 10... bxc6 11. O-O Qd7 12. h3 (12. Bg5 Qg4) 12... Qf5) 10.
Bxd7+ Qxd7 11. O-O Nc6 12. Bg5 O-O-O $1 {Black has this possibility to run
away the threats on the >>.} (12... h6 $6 {is met by the effective} 13. e6 $1
fxe6 14. Bxe7 Nxe7 15. Rfe1 $44) (12... Bxg5 13. Qxg5 $14) 13. Rfe1 Rhe8 14.
Bxe7 Rxe7 15. Re2 $2 (15. Rad1 $14) 15... Qf5 $1 16. Rae1 Rde8 17. Nh4 Qd7 (
17... Qh5 $1 {is more to the point playing for the push f7-f6.} 18. Nf3 $11 (
18. f4 $2 {pushes too hard.} f6 $1 19. Nf3 g5 $1 20. e6 (20. fxg5 fxe5 21. Nxe5
$2 Nxe5 22. Rxe5 Rxe5 23. Rxe5 Qd1+ $19) 20... g4 {/\ Nd4 -/+})) 18. f4 b6 $2 {
The K on b7 stands not better than on c8, therefore it loses two tempis.} (
18... Nd4 19. Rd2 {/\ c3}) (18... f6 $1 {was the agressive weapon here.} 19.
Nf3 d4 $13) 19. Nf3 Kb7 20. Rd2 $1 Rd8 $4 {Overlooking the double attack with
White.} (20... h6 21. Red1 d4 22. c3 Qd5 23. cxd4 c4 $132) 21. Ng5 $1 {/\
Ne4-d6} Qf5 (21... h6 22. Ne4) 22. Nxh7 Nd4 23. Qf2 Ne6 24. Rf1 g5 (24... d4
25. Nf6) 25. Nxg5 Nxg5 26. fxg5 Qxe5 27. Qf6 $18 {and White is a healthy P up.}
Qe3+ 28. Kh1 Rdd7 29. Rdf2 d4 30. b3 a5 31. a4 Re6 (31... Ka7 32. Qf5 {/\ Qg4})
32. Qf5 $1 {The Q has to attack >< f7 from h5.} Ka7 33. h3 Rde7 34. Qg4 Re4 35.
Qh5 d3 36. Rf3 dxc2 37. Rxe3 Rxe3 38. Kh2 Rd3 (38... Re1 39. Rxe1 Rxe1 40.
Qxf7+ Ka8 (40... Ka6 41. Qc4+) 41. Qg8+ Kb7 42. Qh7+ $18) 39. Qh7 Rd1 40. Rxf7
Rh1+ 41. Kg3 1-0

[Event "Capablanca Memorial Premier 33rd"]
[Site "Havana"]
[Date "1998.05.16"]
[Round "9"]
[White "Herrera, Irisberto"]
[Black "Perez Garcia, Rodney Oscar"]
[Result "1-0"]
[WhiteElo "2445"]
[BlackElo "2395"]
[Annotator "Lukacs,P"]
[PlyCount "81"]
[EventDate "1998.05.07"]
[EventType "tourn"]
[EventRounds "13"]
[EventCountry "CUB"]
[EventCategory "8"]
[SourceTitle "CBM 065"]
[Source "ChessBase"]
[SourceDate "1998.08.06"]
[SourceVersion "1"]
[SourceVersionDate "1998.08.06"]
[SourceQuality "1"]

1. e4 e5 2. Nf3 Nf6 3. d4 Nxe4 4. Bd3 d5 5. Nxe5 Be7 6. O-O Nc6 {Jusssupows
favourite variation, leading to a somewhat corrupted P structure, but Black
has good technical chances for a draw.} 7. Nxc6 bxc6 8. c4 (8. Re1 O-O 9. Bxe4
dxe4 10. Rxe4 c5 (10... Rb8 11. Re1 $14 {Forintos,Haag}) 11. d5 (11. Qe1 Bf6
12. dxc5 Bb7 13. Re2 Re8 $44) 11... Bb7 12. c4 c6 13. Nc3 Bf6 14. Be3 Bxc3 15.
bxc3 cxd5 16. cxd5 Qxd5 17. Qxd5 Bxd5 18. Re5 Rfd8 19. Bxc5 Bxa2 $11 {Yusupov})
(8. Nd2 $5 {Yusupov}) 8... O-O 9. Nc3 Nxc3 10. bxc3 dxc4 11. Bxc4 Bf5 12. Re1 (
12. Bf4 Bd6 {- Ivanchuk-Yusupov, Novgorod 1995 CBM 48}) 12... Bd6 13. Qf3 Qd7 (
13... Bd7 14. Bf4 (14. Qh5 Qf6 15. Bg5 Qg6) (14. Rb1 Qh4 15. g3 Qg4) (14. Bd3
$1 {deserves attention here.} Re8 (14... c5 $2 15. dxc5 Bxc5 16. Qh5 $18) 15.
Bd2 $14) 14... Qf6 $1 15. Bxd6 Qxf3 (15... Qxd6 16. Re5 $16) 16. gxf3 cxd6 17.
Re7 Be6 $1 18. Bxe6 (18. Ba6 Bd5) 18... fxe6 19. Rxe6 Rf6 $11) 14. Bf4 Rfe8 (
14... Be6 15. Bxd6 (15. Bd3 $14) 15... cxd6 16. Bd3 $14) 15. h3 a5 $6 {This
move is completely unnecessary. Black has to play carefully in these slightly
worse position, which is not the taste for everybody.} (15... Be6 16. Bxe6 Rxe6
(16... fxe6 17. Be5 Rf8 18. Qg3 $16) 17. Rxe6 Qxe6 18. Qxc6 $16) (15... h6 16.
Be5 $14) (15... Kh8 $1 16. Be5 f6 {was the persistant defence here.}) 16. Be5
Be6 (16... Bxe5 17. dxe5 $16) 17. Bxe6 Rxe6 18. Qg4 $1 $16 {provoking
weaknesses on the >>.} g6 (18... Bxe5 19. Rxe5 $16) 19. Re3 Rae8 20. Rae1 a4 $6
(20... Qe7 $142) 21. f4 $1 {/\ f4-f5->} f5 22. Qd1 {White has secured the
vital e5 square for himself.} Ra8 23. Qd3 $18 {Black has no real counterplay
here, the strong centralized B on e5 kills him.} Bf8 24. c4 Ree8 25. Rb1 Rab8
26. Ree1 {White regroups his pieces towards the <<, where also the a P is weak.
} Qf7 27. Qc2 a3 28. Rb3 Rb6 29. Reb1 Reb8 30. Qd3 h6 $2 {Now White can create
a strong o^ in the centre.} (30... Bb4) 31. Rxb6 $1 Rxb6 32. Rxb6 cxb6 33. d5
$1 cxd5 34. cxd5 Qd7 (34... Bc5+ 35. Kh2 Qd7 36. d6) 35. d6 g5 36. g3 gxf4 37.
gxf4 Kh7 38. Qxa3 Qf7 39. Kh2 Qg6 40. d7 Bc5 41. Qg3 1-0